Mel Gibson Movies - Statistics

General Stats
  • This quiz has been taken 36 times
  • The average score is 3 of 6
Answer Stats
Release Year Answer % Correct
1995 Braveheart
90%
2004 The Passion of the Christ
67%
2006 Apocalypto
63%
2016 Hacksaw Ridge
37%
2025 Flight Risk
20%
1993 The Man Without a Face
10%
No matching quizzes found
Score Distribution
Percent of People with Each Score
Percentile by Number Answered
Your Score History
You have not taken this quiz